Teoría microeconómica (Registro nro. 2684)
[ vista simple ]
| 000 -LEADER | |
|---|---|
| fixed length control field | 01509 a2200241 4500 |
| 001 - CONTROL NUMBER | |
| control field | 36875 |
| 005 - DATE AND TIME OF LATEST TRANSACTION | |
| control field | 20260407155640.0 |
| 008 - FIXED-LENGTH DATA ELEMENTS--GENERAL INFORMATION | |
| fixed length control field | 260407a1983 arg spa d |
| 003 - CONTROL NUMBER IDENTIFIER | |
| control field | AR-UNSa-BCEJYS |
| 040 ## - CATALOGING SOURCE | |
| Original cataloging agency | AR-UNSa-BCEJYS |
| Language of cataloging | spa |
| Transcribing agency | AR-UNSa-BCEJYS |
| 080 ## - UNIVERSAL DECIMAL CLASSIFICATION NUMBER | |
| Universal Decimal Classification number | 330.101.542 |
| Common auxiliary subdivision | Microeconomía |
| 041 ## - LANGUAGE CODE | |
| Language code of text/sound track or separate title | spa |
| 100 1# - MAIN ENTRY--PERSONAL NAME | |
| Personal name | Suárez, Eduardo L. |
| 245 10 - TITLE STATEMENT | |
| Title | Teoría microeconómica |
| 250 ## - EDITION STATEMENT | |
| Edition statement | 4a. ed. |
| 264 #1 - PRODUCTION, PUBLICATION, DISTRIBUTION, MANUFACTURE, AND COPYRIGHT NOTICE | |
| Place of production, publication, distribution, manufacture | México : |
| Name of producer, publisher, distributor, manufacturer | Fondo de Cultura Económica |
| Date of production, publication, distribution, manufacture, or copyright notice | 1983 |
| 300 ## - PHYSICAL DESCRIPTION | |
| Extent | 551 p. |
| Dimensions | 23 cm. |
| 505 ## - FORMATTED CONTENTS NOTE | |
| Formatted contents note | 1. La teoría de la utilidad y la preferencia - 2. Teoría de la conducta del consumidor - 3. Temas en la demanda del consumidor - 4. Características de la demanda de mercado - 5. La producción con un insumo variable - 6. La producción y las proporciones óptimas de los insumos: dos insumos variables - 7. La teoría del coste - 8. La teoría del precio en los mercados de competencia perfecta - 9. Teoría del precio en el monopolio puro - 10. Competencia y monopolio: algunos ejercicios teóricos - 11. Teoría del precio en la competencia monopolística - 12. Las teorías del precio en los mercados oligopólicos - 13. La teoría de la productividad marginal en mercados de competencia perfecta - 14. La teoría de la ocupación en mercados de competencia imperfecta - 15. La teoría del equilibrio económico general - 16. La teoría de la economía del bienestar - |
| 590 ## - LOCAL NOTE (RLIN) | |
| Local note | niveau_biblio:m niveau_hierar:0 |
| 700 1# - ADDED ENTRY--PERSONAL NAME | |
| Personal name | Ferguson, C.E. |
| 700 1# - ADDED ENTRY--PERSONAL NAME | |
| Personal name | Gould, John P. |
| 942 ## - ADDED ENTRY ELEMENTS (KOHA) | |
| Koha item type | |
| Withdrawn status | Lost status | Damaged status | Not for loan | Home library | Current library | Shelving location | Date acquired | Total checkouts | Full call number | Barcode | Date last seen | Price effective from | Koha item type | Public note |
|---|---|---|---|---|---|---|---|---|---|---|---|---|---|---|
| Biblioteca Prof. Eusebio Cleto del Rey | Biblioteca Prof. Eusebio Cleto del Rey | 07/04/2026 | 330.101.542 F352t 4ed. | L44277 | 07/04/2026 | 07/04/2026 | Libro | Pag 239 a 242 suelta | ||||||
| Biblioteca Prof. Eusebio Cleto del Rey | Biblioteca Prof. Eusebio Cleto del Rey | 07/04/2026 | 330.101.542 F352t 4ed. | L44278 | 07/04/2026 | 07/04/2026 | Libro | |||||||
| Biblioteca Prof. Eusebio Cleto del Rey | Biblioteca Prof. Eusebio Cleto del Rey | 07/04/2026 | 330.101.542 F352t 4ed. | L44279 | 07/04/2026 | 07/04/2026 | Libro | |||||||
| Biblioteca Prof. Eusebio Cleto del Rey | Biblioteca Prof. Eusebio Cleto del Rey | 07/04/2026 | 330.101.542 F352t 4ed. | L44275 | 07/04/2026 | 07/04/2026 | Libro |